Leadership by the Book (Record no. 203470)
[ view plain ]
| 000 -LEADER | |
|---|---|
| fixed length control field | 00513nam a22001697a 4500 |
| 003 - CONTROL NUMBER IDENTIFIER | |
| control field | Ost |
| 005 - DATE AND TIME OF LATEST TRANSACTION | |
| control field | 20260407113108.0 |
| 008 - FIXED-LENGTH DATA ELEMENTS--GENERAL INFORMATION | |
| fixed length control field | 260407b |||||||| |||| 00| 0 eng d |
| 020 ## - INTERNATIONAL STANDARD BOOK NUMBER | |
| International Standard Book Number | 9780007114535 |
| 040 ## - CATALOGING SOURCE | |
| Transcribing agency | Donated |
| 082 ## - DEWEY DECIMAL CLASSIFICATION NUMBER | |
| Edition number | 1st |
| Classification number | 658/Ken |
| Item number | SBPIMD296 |
| 100 ## - MAIN ENTRY--PERSONAL NAME | |
| Personal name | Ken,Blanchard Hybels,Bill Hodges,Phil |
| 9 (RLIN) | 4987 |
| 245 ## - TITLE STATEMENT | |
| Title | Leadership by the Book |
| Remainder of title | Tools to transform Your Workplace |
| Medium | English |
| 260 ## - PUBLICATION, DISTRIBUTION, ETC. | |
| Place of publication, distribution, etc. | India |
| Name of publisher, distributor, etc. | Harper Collins Publishers |
| Date of publication, distribution, etc. | 2001 |
| 300 ## - PHYSICAL DESCRIPTION | |
| Extent | 220 |
| 942 ## - ADDED ENTRY ELEMENTS (KOHA) | |
| Source of classification or shelving scheme | Dewey Decimal Classification |
| Koha item type | Donated Book |
| Edition | 1st |
| Call number prefix | 658 |
| Call number suffix | Ken |
| Suppress in OPAC | No |
| Date last seen | Total Checkouts | Full call number | Barcode | Price effective from | Koha item type | Department | Lost status | Source of classification or shelving scheme | Damaged status | Not for loan | Withdrawn status | Home library | Current library | Shelving location | Date acquired | Remarks | Net Amount | Language |
|---|---|---|---|---|---|---|---|---|---|---|---|---|---|---|---|---|---|---|
| 07/04/2026 | 658/Ken | SBPIMD296 | 07/04/2026 | Donated Book | Management | Dewey Decimal Classification | SBPIM | SBPIM | General Stacks | 06/04/2026 | Donated | 150 | ENGLISH |